[Event "Niedersachsen-ch"]
[Site "Verden"]
[Date "2008.01.05"]
[Round "6"]
[White "Braje, Monika"]
[Black "Gladewitz, Marcellus"]
[Result "1-0"]
[WhiteElo "1658"]
[BlackElo "1487"]
[PlyCount "41"]
[EventDate "2008.01.03"]
[EventType "swiss"]
[EventRounds "7"]
[EventCountry "GER"]
[SourceTitle "EXT 2010"]
[Source "ChessBase"]
[SourceDate "2010.11.25"]
[SourceVersion "1"]
[SourceVersionDate "2010.11.25"]
[SourceQuality "1"]

1. e4 c5 2. d4 cxd4 3. c3 dxc3 4. Nxc3 Nc6 5. Nf3 d6 6. Bc4 Nf6 7. e5 dxe5 8. Qxd8+ Nxd8 9. Nb5 Be6 10. Nc7+ Kd7 11. Nxa8 Nc6 12. Bb5 Kd6 13. b3 Nd5 14. Bxc6 bxc6 15. Ba3+ c5 16. Rc1 Nb4 17. Bxb4 cxb4 18. 0-0 Bd5 19. Rfd1 e6 20. Ng5 Ke7 21. Nc7 1-0